| 000 | 00607nam a22001937a 4500 | ||
|---|---|---|---|
| 005 | 20250115122909.0 | ||
| 008 | 250115b |||||||| |||| 00| 0 eng d | ||
| 020 | _a9780324593303 | ||
| 050 |
_aHF5549 _b.C465 SNE |
||
| 100 | _aSnell Scott | ||
| 245 |
_aPrinciples of Human Resource Management _cScott Snell & George Bohlander |
||
| 250 | _a15th Ed. | ||
| 260 |
_aAustralia _bSouth-Western/Cengage Learning _c2010 |
||
| 300 |
_axxxvii. 821p. _bill. col. _c25.5 cm x 20.5 cm |
||
| 500 | _aIncludes Index | ||
| 650 | _2Human Resource Management | ||
| 700 | _aBohlander George | ||
| 942 |
_2lcc _cBK _e15th Ed. _n0 |
||
| 999 |
_c2549 _d2549 |
||